Political Communication in Africa / (Record no. 31654)

000 -LEADER
fixed length control field 03322cam a22004695i 4500
001 - CONTROL NUMBER
control field 21677199
005 - DATE AND TIME OF LATEST TRANSACTION
control field 20230714144530.0
006 - FIXED-LENGTH DATA ELEMENTS--ADDITIONAL MATERIAL CHARACTERISTICS
fixed length control field m |o d |
007 - PHYSICAL DESCRIPTION FIXED FIELD--GENERAL INFORMATION
fixed length control field cr |||||||||||
008 - FIXED-LENGTH DATA ELEMENTS--GENERAL INFORMATION
fixed length control field 170214s2017 gw |||| o |||| 0|eng
010 ## - LIBRARY OF CONGRESS CONTROL NUMBER
LC control number 2019745098
020 ## - INTERNATIONAL STANDARD BOOK NUMBER
International Standard Book Number 9783319486314
024 7# - OTHER STANDARD IDENTIFIER
Standard number or code 10.1007/978-3-319-48631-4
Source of number or code doi
035 ## - SYSTEM CONTROL NUMBER
System control number (DE-He213)978-3-319-48631-4
040 ## - CATALOGING SOURCE
Original cataloging agency DLC
Language of cataloging eng
Description conventions pn
-- rda
Transcribing agency DLC
050 ## - LIBRARY OF CONGRESS CALL NUMBER
Classification number JA 85.2 .O48 2017
072 #7 - SUBJECT CATEGORY CODE
Subject category code JPA
Source bicssc
072 #7 - SUBJECT CATEGORY CODE
Subject category code JPA
Source thema
072 #7 - SUBJECT CATEGORY CODE
Subject category code POL000000
Source bisacsh
082 04 - DEWEY DECIMAL CLASSIFICATION NUMBER
Classification number 320.014
Edition number 23
245 00 - TITLE STATEMENT
Title Political Communication in Africa /
Statement of responsibility, etc. edited by Ayo Olukotun, Sharon Adetutu Omotoso.
250 ## - EDITION STATEMENT
Edition statement 1st ed. 2017.
300 ## - PHYSICAL DESCRIPTION
Extent 1 online resource (XV, 246 pages)
505 0# - FORMATTED CONTENTS NOTE
Formatted contents note Preface -- 1 Introduction: The African Policom Stew -- 2 Political Communication: An Evolving Field, Yet to Berth in Africa -- 3 Political Communication and African Diplomacy -- 4 African Ethics and African Political Communication: Some Comments -- 5 Strategic Political Communication in Africa -- 6 Habermas in Africa? Re-Interrogating the 'Public Sphere' and 'Civil Society' in African Political Communication Research -- 7 Hostile Political Communication: Triadic Examples from Africa -- 8 Media, Propaganda and the Image Dilemma of African States -- 9 Singing Truth to Power and the Disempowered: The Case of Lucky Mensah and his Song,"NKRATOO" -- 10 Gender and Political Communication in Africa -- 11 From "Governor-General" to "Kwankwasiya": Democracy and Branded Political Communication in Nigeria's Fourth Republic -- 12 Nigerian Newspapers' Publication of Predicted and the Actual Outcome of 2015 Presidential Election in Nigeria: Lessons for Africa -- 13 Reporting Africa: The Role of the Media in (Un) Shaping the Democratic Agenda -- 14 Globalization and Political Communication in Africa: Anglo-American Influences in Kenya and Nigeria.
520 ## - SUMMARY, ETC.
Summary, etc. This book offers a comprehensive account of the nature and development of political communication in Africa. In light of the growing number of African states now turning towards democratic rule, as well as the growing utilization of information technologies in Africa, the contributors examine topics such as: the role of social media in politics, strategic political communication, political philosophy and political communication, Habermas in Africa, gender and political communication, image dilemma in Africa, and issues in political communication research in Africa, and identify the frontiers for future research on political communication in Africa.
650 #0 - SUBJECT ADDED ENTRY--TOPICAL TERM
Topical term or geographic name as entry element Africa-Politics and government.
650 #0 - SUBJECT ADDED ENTRY--TOPICAL TERM
Topical term or geographic name as entry element Communication.
650 #0 - SUBJECT ADDED ENTRY--TOPICAL TERM
Topical term or geographic name as entry element Democracy.
650 #0 - SUBJECT ADDED ENTRY--TOPICAL TERM
Topical term or geographic name as entry element Political communication.
650 14 - SUBJECT ADDED ENTRY--TOPICAL TERM
Topical term or geographic name as entry element Political Communication.
650 24 - SUBJECT ADDED ENTRY--TOPICAL TERM
Topical term or geographic name as entry element African Politics.
650 24 - SUBJECT ADDED ENTRY--TOPICAL TERM
Topical term or geographic name as entry element Communication Studies.
650 24 - SUBJECT ADDED ENTRY--TOPICAL TERM
Topical term or geographic name as entry element Democracy.
700 1# - ADDED ENTRY--PERSONAL NAME
Personal name Olukotun, Ayo.
Relator term editor.
700 1# - ADDED ENTRY--PERSONAL NAME
Personal name Omotoso, Sharon Adetutu.
Relator term editor.
776 08 - ADDITIONAL PHYSICAL FORM ENTRY
Relationship information Print version:
Title Political communication in Africa
International Standard Book Number 9783319486307
Record control number (DLC) 2016961705
776 08 - ADDITIONAL PHYSICAL FORM ENTRY
Relationship information Printed edition:
International Standard Book Number 9783319486307
776 08 - ADDITIONAL PHYSICAL FORM ENTRY
Relationship information Printed edition:
International Standard Book Number 9783319486321
776 08 - ADDITIONAL PHYSICAL FORM ENTRY
Relationship information Printed edition:
International Standard Book Number 9783319839813
906 ## - LOCAL DATA ELEMENT F, LDF (RLIN)
a 0
b ibc
c origres
d u
e ncip
f 20
g y-gencatlg
942 ## - ADDED ENTRY ELEMENTS (KOHA)
Source of classification or shelving scheme
Koha item type Hard Covered Materials
Classification part JA 85.2 .O48 2017
Holdings
Withdrawn status Lost status Source of classification or shelving scheme Damaged status Not for loan Home library Current library Shelving location Date acquired Source of acquisition Total Checkouts Full call number Barcode Date last seen Date last checked out Price effective from Koha item type
          MACHAKOS UNIVERSITY LIBRARY MACHAKOS UNIVERSITY LIBRARY Open shelf 14/07/2023 Donation (falcon books) 2 JA 85.2 .O48 2017 39435 03/07/2023 11/10/2024 14/07/2023 Hard Covered Materials
© Machakos University Library, Along The Highway, Machakos Wote Rd, Machakos, Kenya P.O. Box 136 - 90100 Machakos - Kenya

Tel: ( +254 ) 723 805829 OR Fax : 044-20353 OR Email: library@mksu.ac.ke